<?xml version="1.0" encoding="UTF-8"?><?xml-stylesheet type="text/xsl" href="static/style.xsl"?><OAI-PMH xmlns="http://www.openarchives.org/OAI/2.0/" xmlns:xsi="http://www.w3.org/2001/XMLSchema-instance" xsi:schemaLocation="http://www.openarchives.org/OAI/2.0/ http://www.openarchives.org/OAI/2.0/OAI-PMH.xsd"><responseDate>2026-04-17T03:29:00Z</responseDate><request verb="GetRecord" identifier="oai:www.recercat.cat:2117/333867" metadataPrefix="marc">https://recercat.cat/oai/request</request><GetRecord><record><header><identifier>oai:recercat.cat:2117/333867</identifier><datestamp>2025-07-23T06:51:03Z</datestamp><setSpec>com_2072_1033</setSpec><setSpec>col_2072_452951</setSpec></header><metadata><record xmlns="http://www.loc.gov/MARC21/slim" xmlns:dcterms="http://purl.org/dc/terms/" xmlns:xsi="http://www.w3.org/2001/XMLSchema-instance" xmlns:doc="http://www.lyncode.com/xoai" xsi:schemaLocation="http://www.loc.gov/MARC21/slim http://www.loc.gov/standards/marcxml/schema/MARC21slim.xsd">
   <leader>00925njm 22002777a 4500</leader>
   <datafield ind2=" " ind1=" " tag="042">
      <subfield code="a">dc</subfield>
   </datafield>
   <datafield ind2=" " ind1=" " tag="720">
      <subfield code="a">Dalmau Baraza, Christian</subfield>
      <subfield code="e">author</subfield>
   </datafield>
   <datafield ind2=" " ind1=" " tag="260">
      <subfield code="c">2020-07-09</subfield>
   </datafield>
   <datafield ind2=" " ind1=" " tag="520">
      <subfield code="a">El presente trabajo tiene por objetivo establecer una metodología para la predicción de la&#xd;
demanda diaria de envíos en una empresa dedicada al comercio electrónico por medio del&#xd;
uso de algoritmos matemáticos.&#xd;
Para ello, se ha comenzado realizando una intensa revisión literaria para analizar los métodos&#xd;
y algoritmos empleados hasta el momento en la predicción de la demanda en diferentes&#xd;
industrias y empresas en base a artículos científicos internacionales. Gracias a esta búsqueda&#xd;
bibliográfica se eligieron los algoritmos, tanto estadísticos como de aprendizaje automático,&#xd;
que habían proporcionado buenos resultados según los artículos consultados para evaluar su&#xd;
eficiencia en el caso particular de este proyecto.&#xd;
A partir de este punto, se trabajó en comprender el funcionamiento de cada algoritmo en&#xd;
particular aplicados en el contexto que nos ocupa, así como los parámetros más&#xd;
característicos de cada uno. Seguidamente, se llevó a cabo la programación de éstos y el&#xd;
testeo de su idoneidad a partir del histórico de datos facilitados por la empresa.&#xd;
Posteriormente, se compararon los resultados obtenidos por los diferentes algoritmos con la&#xd;
finalidad de hallar aquellos que mejor se ajustaban a las observaciones registradas por la&#xd;
compañía. En el caso concreto de este trabajo, los algoritmos que mejor ajustaban las&#xd;
predicciones eran los de aprendizaje automático (más concretamente, bosques aleatorios, k&#xd;
vecinos más próximos y la red neuronal LSTM).&#xd;
Una vez obtenidos los resultados iniciales, se valoró la opción de mejorarlos mediante dos&#xd;
métodos. El primero consistía en combinar estos algoritmos en la predicción de la demanda&#xd;
utilizando un método de ensamblaje, pero se llegó a la conclusión de que no había ninguna&#xd;
combinación de algoritmos que mejorase los resultados obtenidos de forma clara. El segundo&#xd;
método fue la calibración de los parámetros característicos de cada algoritmo con el fin de&#xd;
mejorar la bondad de los resultados obtenidos.&#xd;
Ningún método mejoraba de forma significativa los resultados iniciales obtenidos pero la&#xd;
calibración de parámetros fue el único método que consiguió mejorar los resultados de forma&#xd;
general en todas las ciudades. Es por ello por lo que se decidió aconsejar a la empresa la&#xd;
predicción de su demanda por medio del algoritmo de bosques aleatorios y con el método de&#xd;
mejora de calibración de parámetros.</subfield>
   </datafield>
   <datafield tag="653" ind2=" " ind1=" ">
      <subfield code="a">Àrees temàtiques de la UPC::Matemàtiques i estadística</subfield>
   </datafield>
   <datafield tag="653" ind2=" " ind1=" ">
      <subfield code="a">Algorithms</subfield>
   </datafield>
   <datafield tag="653" ind2=" " ind1=" ">
      <subfield code="a">Statistics</subfield>
   </datafield>
   <datafield tag="653" ind2=" " ind1=" ">
      <subfield code="a">Algorismes</subfield>
   </datafield>
   <datafield tag="653" ind2=" " ind1=" ">
      <subfield code="a">Estadística</subfield>
   </datafield>
   <datafield ind2="0" ind1="0" tag="245">
      <subfield code="a">Predicción de la demanda utilizando algoritmos estadísticos y de aprendizaje automático</subfield>
   </datafield>
</record></metadata></record></GetRecord></OAI-PMH>